Who guidelines for the safe use of wastewater excreta and greywater: Waste water and excreta use in agriculture
Saved in:
| Corporate Author: | |
|---|---|
| Format: | Unknown |
| Published: |
Geneva
World Health Organization
2006
|
| Series: | Three
|
| Subjects: | |
| Online Access: | Visit NHRC Library |
| Tags: |
Add Tag
No Tags, Be the first to tag this record!
|
| LEADER | 00942 a2200217 4500 | ||
|---|---|---|---|
| 003 | 1246 | ||
| 005 | 20220906184534.0 | ||
| 952 | |0 0 |1 0 |2 lcc |4 0 |7 0 |9 225 |a NHRC |b NHRC |c CART |d 2012-04-04 |l 0 |o WA675/WHO/2006 |p 001245 |r 2012-04-04 |w 2012-04-04 |y BK | ||
| 999 | |c 223 |d 223 | ||
| 020 | |a 9241546867 |a 9241546824 |a 9241546832 |a 9241546840 |a 9241546859 | ||
| 060 | |a WA 675 | ||
| 110 | |a World Health Organization |a United Nations Environment Programme |9 3921 | ||
| 245 | |a Who guidelines for the safe use of wastewater excreta and greywater: Waste water and excreta use in agriculture | ||
| 260 | |a Geneva |b World Health Organization |c 2006 | ||
| 300 | |a 140p. |b xiii | ||
| 440 | |a Three |9 3922 | ||
| 500 | |a Book | ||
| 546 | |a Eng. | ||
| 650 | |a Policy and regulatory aspects |a Wastewater use in agriculture |a Wastewater and excreta use in aquaculture |a Excreta and greywater use in agriculture |9 3923 | ||
| 856 | |u http://nhrc.gov.np/contact/ |y Visit NHRC Library | ||
| 942 | |2 NLM |c BK | ||